000 00724nam a22002415i 4500
001 11114
003 ES-MaACL
005 20231227172501.0
007 t|
008 921123s1992 sp ||||0| spa j
020 _a84-7839-094-4
040 _aM-BN
_bspa
_cM-BN
080 _a860-32"19"
100 1 _aChacel, Rosa,
_d1898-1994
_937750
245 1 0 _aSobre el piélago /
_cRosa Chacel ; introducción, Ana Rodríguez Fisher.
260 _aMadrid :
_bTorremozas,
_c[1992]
300 _a143 p ;
_c20 cm.
490 1 _aEllas también cuentan
700 1 _aRodríguez Fischer, Ana.
_998523
830 0 _aEllas también cuentan
_9226538
852 _aES-MaACL
_jL-18362
_bR.121920
999 _c11114
_d11114